Statistics for Countries with Letters Removed Puzzle

Click here to take the quiz!

General Stats

  • This quiz has been taken 530 times
    (438 since last reset)
  • The average score is 23 of 30

Answer Stats

HintMissingCountry% Correct
FRACENFrance
99%
MEXICOMexico
99%
EGYTPEgypt
98%
NIERIAGNigeria
97%
LAVIATLatvia
95%
YEENMYemen
94%
AUSTAI, RAustria
93%
NEWZELNA, DNew Zealand
93%
SVAKIAL, OSlovakia
93%
SRILNKASri Lanka
93%
SOUTHACAF, I, RSouth Africa
92%
CNDACanada
91%
UNTEDKNDMG, I, OUnited Kingdom
91%
AFGANSANH, I, TAfghanistan
90%
AZEBAIJAN, RAzerbaijan
90%
DJBOUTIDjibouti
90%
MOTGROE, NMontenegro
88%
AUTALAI, R, SAustralia
79%
SMOASamoa
79%
EQUTORGUNEA, I, LEquatorial Guinea
74%
LCHTNTNE, I, SLiechtenstein
73%
COTD'VORE, ICote d'Ivoire
63%
ZHSTNA, KKazakhstan
61%
PPUNGUINA, E, WPapua New Guinea
61%
VIENAM, TVietnam
60%
ESATNW, IEswatini
57%
GIEBISSA, N, UGuinea-Bissau
56%
SUHKREA, O, TSouth Korea
48%
NMRINA, O, SSan Marino
28%
ARADOB, SBarbados
23%

Score Distribution

Percentile by Number Answered

Percent of People with Each Score

Your Score History

You have not taken this quiz since the last reset